| 000 | 01519nam a2200301 i 4500 | ||
|---|---|---|---|
| 001 | 194364 | ||
| 003 | SpMaBN | ||
| 005 | 20240427063147.0 | ||
| 008 | 900725s1913 sp spa | ||
| 035 | _a(OCoLC)431407508 | ||
| 040 |
_bspa _cSpMaBN |
||
| 080 | _a904(450.721) | ||
| 080 | _a908(460.271-37 Ciudad Lineal) | ||
| 100 | 1 |
_aGonzález del Castillo, Hilarión, _d1869-1941 _0XX1292493 _958582 _eaut |
|
| 245 | 1 | 0 |
_aPompeya y la Ciudad Lineal _h[Recurso electrónico] : _cconferencias de Don Hilarión González del Castillo en el Ateneo de Madrid, febrero y marzo de 1913 |
| 260 |
_aMadrid : _b[s.n.], _c1913 _f(Imp. de la Ciudad Lineal) |
||
| 300 |
_a80 páginas : _bilustraciones (blanco y negro) ; _c28 cm |
||
| 336 |
_2rdacontent _atexto |
||
| 337 |
_2rdamedia _asin mediación |
||
| 338 |
_2rdacarrier _avolumen |
||
| 505 | _aPrimera conferencia: Pompeya y la Ciudad Lineal ; Segunda conferencia: Edificios públicos ; Tercera conferencia: Casas particulares de Pompeya ; Cuarta conferencia: Las tumbas de Pompeya, Comparaciones entre una ciudad antigua y una ciudad moderna, La Ciudad Lineal como sistema nuevo de construcción de ciudades | ||
| 610 | 2 | 4 |
_91907 _aAteneo de Madrid- _vConferencias- _y1900-1939 |
| 651 | 7 |
_9149648 _aPompeya (Ciudad desaparecida) |
|
| 651 | 7 |
_9145210 _aCiudad Lineal (Madrid, Distrito) |
|
| 856 |
_uhttp://bdh-rd.bne.es/viewer.vm?id=0000260369&page=1 _yVersión en línea _z(Biblioteca Digital Hispánica) |
||
| 942 |
_2udc _cCDROM _n0 |
||
| 999 |
_c194364 _d194364 |
||